| 000 | 01391cam a22003374a 4500 | ||
|---|---|---|---|
| 001 | 13476702 | ||
| 003 | ARRUPE | ||
| 005 | 20130917164155.0 | ||
| 008 | 040202s2004 enka b 001 0 eng | ||
| 010 | _a 2004044367 | ||
| 020 | _a1403921679 | ||
| 040 |
_aDLC _cDLC _dDLC |
||
| 042 | _apcc | ||
| 043 | _ae-uk-st | ||
| 050 | 0 | 0 |
_aBR786.3 _b.R67 2004 |
| 082 | 0 | 0 |
_a305.6/09411 _222 |
| 100 | 1 |
_aRosie, Michael, _d1968- _9384 |
|
| 245 | 1 | 4 |
_aThe sectarian myth in Scotland : _bof bitter memory and bigotry / _cMichael Rosie. |
| 260 |
_aHoundmills, Basingstoke, Hampshire ; _aNew York : _bPalgrave Macmillan, _c2004. |
||
| 300 |
_aix, 184 p.; _c23 cm. |
||
| 650 | 0 |
_aChristianity and politics _zScotland _xHistory. _9385 |
|
| 650 | 0 |
_aReligion and politics _zScotland _xHistory. _9386 |
|
| 651 | 0 |
_aScotland _xChurch history. _9387 |
|
| 651 | 0 |
_aScotland _xReligion. _9388 |
|
| 856 | 4 | 2 |
_3Contributor biographical information _uhttp://www.loc.gov/catdir/bios/hol059/2004044367.html |
| 856 | 4 | 2 |
_3Publisher description _uhttp://www.loc.gov/catdir/description/hol053/2004044367.html |
| 856 | 4 | 1 |
_3Table of contents _uhttp://www.loc.gov/catdir/toc/hol052/2004044367.html |
| 906 |
_a7 _bcbc _corignew _d1 _eocip _f20 _gy-gencatlg |
||
| 942 |
_2lcc _cMONOGRAPH |
||
| 999 |
_c117838 _d117838 |
||